|
|
|
|
| LEADER |
01470cam a2200349Ma 4500 |
| 001 |
ocm45729029 |
| 003 |
OCoLC |
| 005 |
20190316225600.0 |
| 006 |
m o d |
| 007 |
cr cn||||||||| |
| 008 |
001008s1976 okuabf ob 000 0 eng d |
| 999 |
|
|
|c 138072
|d 138072
|
| 020 |
|
|
|a 0585289468
|q (electronic bk.)
|
| 020 |
|
|
|a 9780585289465
|q (electronic bk.)
|
| 020 |
|
|
|a 0806170107
|q (electronic bk.)
|
| 020 |
|
|
|a 9780806170107
|q (electronic bk.)
|
| 020 |
|
|
|z 0806113510
|q (pbk.)
|
| 040 |
|
|
|a N$T
|b eng
|e pn
|c N$T
|d OCL
|d OCLCQ
|d YDXCP
|d OCLCG
|d OCLCQ
|d TNF
|d OCLCQ
|d OCLCF
|d OCLCQ
|d OCLCO
|d OKU
|d OCLCQ
|d MWM
|d OCLCQ
|d LUE
|
| 082 |
0 |
4 |
|a 972.015
|
| 100 |
1 |
|
|a Proskouriakoff, Tatiana,
|d 1909-1985.
|9 174642
|e συγγραφέας.
|
| 245 |
1 |
3 |
|a An album of Maya architecture /
|c Tatiana Proskouriakoff.
|
| 250 |
|
|
|a [Ανατ. 1976].
|
| 260 |
|
|
|a Norman :
|b University of Oklahoma Press,
|c 1976.
|
| 300 |
|
|
|a 1 ηλεκτρονική πηγή (8 φύλλα, 36 πίν.) :
|b εικ.
|
| 490 |
0 |
|
|a Carnegie institution of Washington. Publication 558
|
| 500 |
|
|
|a Most of the plates accompanied by leaves with descriptive text.
|
| 504 |
|
|
|a Short bibliography included in the introduction.
|
| 650 |
|
4 |
|a Αρχιτεκτονική των Μάγια
|9 174643
|
| 650 |
|
4 |
|a Μάγια
|x Αρχαιότητες
|9 174644
|
| 655 |
|
0 |
|a Ηλεκτρονικά βιβλία
|
| 856 |
4 |
0 |
|u http://search.ebscohost.com/login.aspx?direct=true&scope=site&db=nlebk&AN=15547
|
| 942 |
|
|
|2 ddc
|c ERS
|